000 00743nam a2200289Ia 4500
005 20260324135952.0
008 008 260324s9999 xx 000 0 eng d
020 _a9780429081118
037 _aEBOOK
040 _aCRL
040 _beng
040 _cCRL
041 _2eng
041 _aeng
084 _qCRL
100 _aMichael Brosnan; John Messina
_91202615
245 0 _aTelecommunications Expense Management
245 0 _bHow to Audit Your Bills, Reduce Expenses, and Negotiate Favorable Rates
260 _bTaylor and Francis
260 _c1999
365 _a
365 _b370
856 _uhttp://www.taylorfrancis.com/books/9780429081118
942 _cEBOOK
999 _c1804205
_d1804205